Teilhard de Chardin y el problema del porvenir del hombre
Kaydedildi:
| Yazar: | |
|---|---|
| Materyal Türü: | Kitap |
| Dil: | İspanyolca |
| Baskı/Yayın Bilgisi: |
Madrid
Taurus
1969
|
| Seri Bilgileri: | Cuadernos Taurus, 86
|
| Konular: | |
| Etiketler: |
Etiketle
Etiket eklenmemiş, İlk siz ekleyin!
|
MARC
| LEADER | 00000nam a2200000 a 4500 | ||
|---|---|---|---|
| 001 | UCS9547 | ||
| 003 | CL-VaPUC | ||
| 008 | 971121e19690000SP |||||||||||||||||spa|d | ||
| 082 | 0 | 4 | |a 261.55 |b LEO |2 21 |
| 100 | |a Léon-Dufour, Michel |e author |9 394717 | ||
| 245 | 1 | 0 | |a Teilhard de Chardin y el problema del porvenir del hombre |
| 300 | |a 109 p | ||
| 942 | |c BK | ||
| 945 | |d 19971121 00:00:00 |a jquezada | ||
| 260 | |a Madrid |b Taurus |c 1969 | ||
| 600 | 0 | 7 | |a TEILHARD DE CHARDIN, PIERRE |2 CL-VaPUC |9 315457 |
| 650 | 7 | |a HOMBRE |2 CL-VaPUC |9 262149 | |
| 650 | 7 | |a HUMANIDAD |2 CL-VaPUC |9 309969 | |
| 650 | 0 | |a Religiones |9 265211 | |
| 650 | 0 | |a Evolución |9 259442 | |
| 650 | 0 | |a Ciencia |9 255691 | |
| 583 | |a last modification |c 19971121 00:00:00 |k Rodrigo Vera | ||
| 490 | 0 | |a Cuadernos Taurus, 86 | |
| 999 | |c 263330 |d 263328 | ||
| 952 | |0 0 |1 0 |4 0 |6 261_550000000000000_LEO_1969 |7 0 |8 A |9 292560 |a BIBTEO |b BIBTEO |d 2019-11-19 |i 3367894 |o 261.55 LEO 1969 |p 3367894 |r 2025-01-17 |w 2019-11-19 |y BK |k ICR | ||